| 000 | 00950cab a22002295a 4500 | ||
|---|---|---|---|
| 001 | L144302 | ||
| 008 | 080709s2008 xxko f 000 0 eng d | ||
| 035 | _a(Sirsi) u144302 | ||
| 041 | 0 | _aeng | |
| 100 | 1 | _aSmith, Christine | |
| 245 | 0 | 0 | _aOnline assessment |
| 260 | _c2008 | ||
| 490 |
_aHousebuilder _v87(16) July 2008, 43-44(2) |
||
| 520 | _aDocuments clarifies current legal requirements for Home Information Packs and Energy Performance Certificates and discusses the development of a one-stop service for developers being provided by the National House Building Council (NHBC). | ||
| 590 | _aKA | ||
| 650 | 2 | 4 | _aHOME INFORMATION PACKS |
| 650 | 2 | 4 | _aRESIDENTIAL ENERGY PERFORMANCE CERTIFICATES |
| 651 | 4 |
_aUnited Kingdom _y |
|
| 690 | _aPROPERTY-RESIDENTIAL PROPERTY-ACQUISITION AND DISPOSAL OF RESIDENTIAL PROPERTY-HOME BUYING REFORM | ||
| 690 | _aENVIRONMENTAL AND LAND CONSULTANCY-ENERGY-ENERGY USE-ENERGY EFFICIENCY | ||
| 942 | _n0 | ||
| 999 |
_c80420 _d80420 |
||